Diseño de pavimento de adoquín del tramo. León - acceso planta termoeléctrica (2.5 km)
Presenta el diseño de pavimento de adoquín del tramo. León - acceso planta termoeléctrica (2.5 km) mediante el estudio y análisis de las características de trafico actual y trafico atraído producto de las mejoras, considerar las propiedades físicas y mecánicas del suelo existente en el tram...
| Main Authors: | , |
|---|---|
| Other Authors: | |
| Format: | Tesis Section = Libro |
| Language: | Undetermined Spanish |
| Published: |
Managua
UNI
2011
|
| Subjects: |
| LEADER | 01213nam a2200265Ia 4500 | ||
|---|---|---|---|
| 008 | 240830s9999 xx 000 0 und d | ||
| 040 | |a BIBLIOTECA-RUPAP T.Mon 625.8 S211 | ||
| 041 | |a spa | ||
| 082 | |a T.Mon 625.8 S211 | ||
| 100 | 1 | |a Sánchez Mendoza, Jerónimo | |
| 100 | 1 | |b Chávez Mendoza, Yeri | |
| 245 | 1 | 0 | |a Diseño de pavimento de adoquín del tramo. León - acceso planta termoeléctrica (2.5 km) |
| 260 | |a Managua |b UNI |c 2011 | ||
| 300 | |a 77 p. :il. | ||
| 500 | |a Contiene: anexos. | ||
| 502 | |a Tesis (Ingeniero Civil)- UNI, 2011. | ||
| 520 | 3 | |a Presenta el diseño de pavimento de adoquín del tramo. León - acceso planta termoeléctrica (2.5 km) mediante el estudio y análisis de las características de trafico actual y trafico atraído producto de las mejoras, considerar las propiedades físicas y mecánicas del suelo existente en el tramo y diseñar los espesores requeridos para la estructura de pavimento de adoquín. | |
| 650 | 7 | |a DISEÑO DE PAVIMENTOS | |
| 650 | 7 | |b ESTUDIO DE SUELOS | |
| 650 | 7 | |c ESTUDIO DE TRANSITO | |
| 650 | 7 | |d ESTRUCTURA DE PAVIMENTO ADOQUIN | |
| 700 | 1 | |a Tutor: |b Calvo Rojas, Lucas Bernardo | |
| 942 | |c BK |2 ddc | ||
| 991 | |a TESIS | ||
| 999 | |c 18256 | ||